Benjamin Graham and the power of growth stocks : (Record no. 23638)

MARC details
000 -LEADER
fixed length control field 00781nam a22002295a 4500
005 - DATE AND TIME OF LATEST TRANSACTION
control field 20201128024057.0
008 - FIXED-LENGTH DATA ELEMENTS--GENERAL INFORMATION
fixed length control field 161219t2012 nyua fr 001 0 eng d
020 ## - INTERNATIONAL STANDARD BOOK NUMBER
International Standard Book Number 9780071753890
020 ## - INTERNATIONAL STANDARD BOOK NUMBER
International Standard Book Number 0071753893
040 ## - CATALOGING SOURCE
Original cataloging agency EG-ScBUE
Language of cataloging eng
Transcribing agency EG-ScBUE
Modifying agency EG-ScBUE
082 04 - DEWEY DECIMAL CLASSIFICATION NUMBER
Edition number 22
Classification number 332.6322
Item number BEN
245 00 - TITLE STATEMENT
Title Benjamin Graham and the power of growth stocks :
Remainder of title lost growth stock strategies from the father of value investing /
Statement of responsibility, etc Frederick K Martin ... [et al.]
260 ## - PUBLICATION, DISTRIBUTION, ETC. (IMPRINT)
Place of publication, distribution, etc New York :
Name of publisher, distributor, etc McGraw-Hill,
Date of publication, distribution, etc c.2012.
300 ## - PHYSICAL DESCRIPTION
Extent xii, 291 p. :
Other physical details ill. ;
Dimensions 24 cm.
500 ## - GENERAL NOTE
General note Index : p. 285-291.
650 #7 - SUBJECT ADDED ENTRY--TOPICAL TERM
Source of heading or term BUEsh
9 (RLIN) 1288
Topical term or geographic name as entry element Investment analysis.
650 #7 - SUBJECT ADDED ENTRY--TOPICAL TERM
Source of heading or term BUEsh
Topical term or geographic name as entry element Value investing.
651 ## - SUBJECT ADDED ENTRY--GEOGRAPHIC NAME
Source of heading or term BUEsh
653 ## - INDEX TERM--UNCONTROLLED
Resource For college BAEPS, Business Administration
Arrived date list December2016
700 1# - ADDED ENTRY--PERSONAL NAME
Personal name Martin, Frederick K.
942 ## - ADDED ENTRY ELEMENTS (KOHA)
Source of classification or shelving scheme Dewey Decimal Classification
Holdings
Withdrawn status Item status Source of classification or shelving scheme Damaged status Not for loan Vendor Home library Current library Shelving location Date acquired Source of acquisition Cost, normal purchase price Serial Enumeration / chronology Total Checkouts Full call number Barcode Date last seen Cost, replacement price Koha item type
    Dewey Decimal Classification     ايمك Central Library Central Library First floor 19/12/2016 Purchase 326.00 3398   332.6322 BEN 000040524 15/07/2025 407.50 Book - Borrowing